01331pab a2200157 454500008004000000100002500040245004300065260000900108300001300117362001200130520093900142650001801081700002001099700002101119773003301140180718b2000 xxu||||| |||| 00| 0 eng d aWalters, Lawrence C. aPutting more public in policy analysis c2000 ap.349-59 aJul-Aug aA persistent criticism of policy analysis is that it undermines basic democratic institutions and processes by replacing public participation with expert analysis. Many decision makers shun broader participation because of the complexity of an issue or the cost, uncertainty, and delay often associated with public involvement. This article presents a model for the systematic inclusion of public input into relatively complex public policy decisions. It outlines two determinants of success in public participation efforts; the purpose for public involvement and the nature of the issue; furthermore, it applies the model to two issues in recent Utah history that have involved public participation. Using these principles, decision makers should be able to design and implement public participation strategies that both inform the public about substantive policy questions and improve the quality of the final decision. - Reproduced aPublic policy aMiller, Jessica aAydelotte, James aPublic Administration Review